An Integrated Course in Electrical Engineering (Record no. 3899)

MARC details
000 -LEADER
fixed length control field 00391nam a2200157Ia 4500
008 - FIXED-LENGTH DATA ELEMENTS--GENERAL INFORMATION
fixed length control field 230524s9999 xx 000 0 und d
082 ## - DEWEY DECIMAL CLASSIFICATION NUMBER
Classification number 621.3
Item number GUP
100 ## - MAIN ENTRY--AUTHOR NAME
Personal name J.B.Gupta
245 #3 - TITLE STATEMENT
Title An Integrated Course in Electrical Engineering
250 ## - EDITION STATEMENT
Edition statement 2ND
260 ## - PUBLICATION, DISTRIBUTION, ETC. (IMPRINT)
Place of publication NEW DELHI
Name of publisher Kataria
Year of publication 2004
300 ## - PHYSICAL DESCRIPTION
Number of Pages VIII;1220
500 ## - GENERAL NOTE
General note Quantity Number: 5
650 ## - SUBJECT ADDED ENTRY--TOPICAL TERM
Topical Term Electrical
942 ## - ADDED ENTRY ELEMENTS (KOHA)
Koha item type Books
Holdings
Lost status Damaged status Permanent Location Current Location Shelving location Date acquired Full call number Accession Number Koha item type
    Central Library, Trident Academy of Technology Central Library, Trident Academy of Technology General Stacks 05/24/2023 621.3 GUP 633 Books
    Central Library, Trident Academy of Technology Central Library, Trident Academy of Technology General Stacks 05/24/2023 621.3 GUP 634 Books
    Central Library, Trident Academy of Technology Central Library, Trident Academy of Technology General Stacks 05/24/2023 621.3 GUP 635 Books
    Central Library, Trident Academy of Technology Central Library, Trident Academy of Technology General Stacks 05/24/2023 621.3 GUP 636 Books
    Central Library, Trident Academy of Technology Central Library, Trident Academy of Technology General Stacks 05/24/2023 621.3 GUP 637 Books
Trident Academy of Technology © 2023.
All rights reserved.                                                                                                                                                                                                        Designed by Team of Central Library .

Powered by Koha